Statistiques concernant Films avec des réalisateurs-acteurs par image n°3

Cliquez ici pour prendre le quiz!

Statistiques générales

  • Ce quiz a été pris 9 fois
  • Le résultat moyen est 6 sur 32

Statistiques - réponses

Réponse% Correct
François Truffaut
89%
Rencontres du troisième type
56%
Charles Chaplin
44%
Dario Argento
44%
Eyes Wide Shut
44%
Jean-Pierre Melville
44%
Orson Welles
44%
À bout de souffle
33%
Jeanne Dielman, 23, quai du commerce, 1080 Bruxelles
33%
RoGoPaG
(La Ricotta)
33%
Vortex
33%
Sophie Letourneur
22%
Sydney Pollack
22%
Accords et désaccords
11%
Aki Kaurismäki
11%
Claude Lelouch
11%
Amerika, rapports de classe
11%
Jacques Doniol-Valcroze
11%
John Waters
11%
Vincent Gallo
11%
Aaltra
0%
Alain Guiraudie
0%
Catherine Breillat
0%
Confidences pour confidences
0%
Harun Farocki
0%
Jamais contente
0%
Le Dernier Tango à Paris
0%
Mirages
0%
Nos funérailles
0%
Patricia Mazuy
0%
Plaire, aimer et courir vite
0%
Un petit cas de conscience
0%

Distribution des résultats

Percentile par nombre de réponses

% des personnes avec chaque résultat

Votre développement - résultats

Vous n’avez pas pris ce quiz